បុរសស្មៅកន្ត្រើយ : (Record no. 8557)

MARC details
000 -LEADER
fixed length control field 03540nam a22003137a 4500
001 - CONTROL NUMBER
control field 8557
003 - CONTROL NUMBER IDENTIFIER
control field FISKH
005 - DATE AND TIME OF LATEST TRANSACTION
control field 20250929164321.0
008 - FIXED-LENGTH DATA ELEMENTS--GENERAL INFORMATION
fixed length control field 250929b cb ||||| |||| 00| 0 eng d
020 ## - INTERNATIONAL STANDARD BOOK NUMBER
International Standard Book Number 9789995094164
040 ## - CATALOGING SOURCE
Original cataloging agency FISKH
Language of cataloging khr
Transcribing agency FISKH
Modifying agency FISKH
050 ## - LIBRARY OF CONGRESS CALL NUMBER
Classification number PZ7
082 ## - DEWEY DECIMAL CLASSIFICATION NUMBER
Classification number 895.932
100 ## - MAIN ENTRY--PERSONAL NAME
Personal name Sotheary, Kimsun
245 ## - TITLE STATEMENT
Title បុរសស្មៅកន្ត្រើយ :
Remainder of title The burr man /
Statement of responsibility, etc. រៀបរៀងដោយ អ្នកស្រី គឹមស៊ុន សុធារី
260 ## - PUBLICATION, DISTRIBUTION, ETC.
Place of publication, distribution, etc. Phnom Penh :
Name of publisher, distributor, etc. Reading Books ,
Date of publication, distribution, etc. 2008.
300 ## - PHYSICAL DESCRIPTION
Extent 28 pages :
Other physical details color illustrations ;
Dimensions 25 cm .
490 ## - SERIES STATEMENT
Series statement ពិភពរឿងនិទាន
505 ## - FORMATTED CONTENTS NOTE
Formatted contents note N <br/>
520 ## - SUMMARY, ETC.
Summary, etc. មានក្មេងប្រុសពីរនាក់ឈ្មោះសុខនិងសៅ ជាកូនអ្នកស្រុកភូមិជាមួយគ្នា​។​ សុខជាក្មេងស្លូតត្រង់ តែសៅជាក្មេងមិនល្អ ។​ ពួកគេបានបបួលគ្នាចូលក្នុងព្រៃដើម្បីកាប់ឫស្សីធ្វើជារនាប ។ ពេលកំពុងហូបបាយសៅក៏យកកាំបិតចាក់ភ្នែកសុខ ហើយសៅក៏ធាក់សុខទម្លាក់ចូលក្នុងទឹកស្ទឹង ។​ សុខក៏បានជួបនឹងឥសី ឥសីក៏បានជួយសុខអោយមានភ្នែកភ្លី ពេលទៅដល់ផ្ទះសុខក៏បានប្រាប់ជីដូននូវអ្វីដែលបានកើតឡើង ហើយក៏បានធ្វើតាមបណ្តាំឥសីក៏កើតជាមាសប្រាក់ពេញផ្ទះ ។ដោយមានចិត្តលោភលន់ សៅក៏អោយសុខចាក់ភ្នែកខ្លួន​ ហើយបោះចូលក្នុងស្ទឹង ហើយក៏ស្លាប់នៅពេលនោះ ។ សៅក៏បានកើតជាស្មៅកន្ត្រើយ​ដែលចូលចិត្តជាប់សំពត់ខោមនុស្សដល់សព្វថ្ងៃ ។
520 ## - SUMMARY, ETC.
Summary, etc. There were two boys named Sok and Sav who lived in the same village. Sok was a kind boy, while Sao was mean. One day, they went into the forest together to cut bamboo .While they were eating lunch, Sao suddenly stabbed Sok in the eye with a knife and then pushed him into the river. Sok was later found by a hermit, who helped him and magically healed his eye. The hermit also gave Sok some instructions to follow. When Sok returned home, he told his grandmother everything that had happened. He followed the hermit’s instructions, and as a result, his house was filled with gold and silver. Because of his greed, Sao asked Sok to stab his eye too and throw him into the river, hoping to receive the same fortune. But Sao died in the water instead. After his death, he was reincarnated as a sticky burr (a thorny grass) that clings to people’s clothes—something that continues to these day.
521 8# - TARGET AUDIENCE NOTE
Target audience note 550 <br/>
Source Lexile estimate <br/>
521 8# - TARGET AUDIENCE NOTE
Target audience note N <br/>
Source Raz-Plus <br/>
650 ## - SUBJECT ADDED ENTRY--TOPICAL TERM
Topical term or geographic name entry element បុរសស្មៅកន្ត្រើយ
Form subdivision រឿងនិទានកុមារ
650 ## - SUBJECT ADDED ENTRY--TOPICAL TERM
Topical term or geographic name entry element The burr men
Form subdivision Children's stories
700 ## - ADDED ENTRY--PERSONAL NAME
Personal name San, Thai
Relator term Illustrator
942 ## - ADDED ENTRY ELEMENTS (KOHA)
Source of classification or shelving scheme Dewey Decimal Classification
Koha item type Khmer Books
Suppress in OPAC No
Holdings
Withdrawn status Lost status Source of classification or shelving scheme Damaged status Not for loan Home library Current library Shelving location Date acquired Total Checkouts Full call number Barcode Date last seen Copy number Price effective from Koha item type Date last checked out
    Dewey Decimal Classification     Footprints International School Library Network Toul Tom Poung Campus Footprints International School Library Network Toul Tom Poung Campus TTP Primary Khmer Bookshelves 09/29/2025   SOT 895.932 FIS04028 09/29/2025 1 09/29/2025 Khmer Books  
    Dewey Decimal Classification     Footprints International School Library Network Toul Tom Poung Campus Footprints International School Library Network Toul Tom Poung Campus TTP Primary Khmer Bookshelves 11/27/2025 1 SOT 895.932 FIS04204 12/19/2025 2 11/27/2025 Khmer Books 12/01/2025
    Dewey Decimal Classification     Footprints International School Library Network Toul Tom Poung Campus Footprints International School Library Network Toul Tom Poung Campus TTP Primary Khmer Bookshelves 12/05/2025   SOT 895.932 2025-5068 12/05/2025 3 12/05/2025 Khmer Books